书目信息 |
| 题名: |
公路设计工程师手册
|
|
| 作者: | 刘伯莹 , 姚祖康 主编 | |
| 分册: | ||
| 出版信息: | 北京 人民交通出版社 2002.09 |
|
| 页数: | 029页 | |
| 开本: | 29cm | |
| 丛书名: | ||
| 单 册: | ||
| 中图分类: | U412.36-62 | |
| 科图分类: | ||
| 主题词: | 道路工程 | |
| 电子资源: | ||
| ISBN: | 7-114-04206-X | |
| 000 | 00634nam0 2200205 45 | |
| 001 | 0334912631 | |
| 005 | 20050110114554.75 | |
| 010 | @a7-114-04206-X@dCNY 82.00 | |
| 100 | @a20030426d2002 km y0chiy0120 ea | |
| 101 | 0 | @achi |
| 102 | @aCN@b110000 | |
| 200 | 1 | @a公路设计工程师手册@AGong Lu She Ji Gong Cheng Shi Shou Ce@f刘伯莹,姚祖康主编@Fliu bo ying,yao zu kang zhu bian |
| 210 | @a北京@c人民交通出版社@d2002.09 | |
| 215 | @a029页@d29cm | |
| 606 | 0 | @a道路工程 |
| 690 | @aU412.36-62@v4 | |
| 701 | 0 | @a刘伯莹@Aliu bo ying@4主编 |
| 701 | 0 | @a姚祖康@Ayao zu kang@4主编 |
| 801 | 0 | @aCN@bPFT@c20050110 |
| 905 | @a10447@dU412.36-62@eL580 | |
| 公路设计工程师手册/刘伯莹,姚祖康主编.-北京:人民交通出版社,2002.09 |
| 029页;29cm |
| ISBN 7-114-04206-X:CNY 82.00 |
| ● |
| 相关链接 |
|
|
|
正题名:公路设计工程师手册
索取号:U412.36-62/L580
 
预约/预借
| 序号 | 登录号 | 条形码 | 馆藏地/架位号 | 状态 | 备注 |
| 1 | 366113 | 203661135 | 自科二线504/504自科库 13排1列3层/ [索取号:U412.36-62/L580] | 在馆 | |
| 2 | 366114 | 203661144 | 自科库501/501自科库 51排5列3层/ [索取号:U412.36-62/L580] | 在馆 | |
| 3 | 435874 | 204358747 | 土木与交通工程学院资料室/土木与交通学院资料室 1排1列1层/ [索取号:U412.36-62/L580] | 在馆 | |
| 4 | 435875 | 204358756 | 土木与交通工程学院资料室/土木与交通学院资料室 1排1列1层/ [索取号:U412.36-62/L580] | 在馆 |